Maria dos Prazeres (Registo nº 2058)

Detalhes MARC
000 -Etiqueta do registo
Cabeçalho 00979nam a22003131 4500
005 - Identificador da versão
Campo de controlo 20240813121924.0
010 ## - Número internacional normalizado dos livros (ISBN)
Número (ISBN) 9722018108
021 ## - Número do Depósito Legal
Código do país PT
Número 154644/00
100 ## - Dados gerais de processamento
Dados gerais de processamento 20040309d2000 de y0pory5003 ba
102 ## - Pais de publicação ou produção
País de publicação Portugal
101 1# - Língua de publicação
Língua do texto, banda sonora, etc. Português
Língua do documento no original Espanhol
106 ## - Campo de dados codificados: material textual
Dados codificados do material textual r
105 ## - Campo de dados codificados: livros
Dados codificados dos livros y z 000fy
215 ## - Descrição física 
Indicação específica da natureza do documento e extensão da espécie 28, [2] p.
Outras indicações físicas muito il.
Dimensões 29 cm
200 1# - Titulo e menção de responsabilidade
Título próprio Maria dos Prazeres
Primeira menção de responsabilidade Gabriel García Márquez
Outras menções de responsabilidade il. Carme Solé Vendrell
-- trad. Miguel Serras Pereira
225 2# - Colecção 
Título próprio da colecção Edições especiais
Indicação de volume 3
205 ## - Menção da edição
Menção da edição 1ª ed.
210 ## - Publicação, Distribuição, etc. 
Lugar da edição, distribuição, etc. Lisboa
Nome do editor, distribuidor, etc. Dom Quixote
Data da publicação, distribuição, etc. 2000
304 ## - Notas relativas a título e menção de responsabilidade 
Texto da nota Tít. orig.: María dos Prazeres
606 ## - Nome comum usado como assunto
Número de registo de entrada de autoridade 0000015
Palavra de ordem Literatura estrangeira infanto-juvenil
Subdivisão de assunto Conto
675 ## - Classificação Decimal Universal (CDU)
Notação 82-34
Edição
Língua da edição por
702 #1 - Nome de autor-pessoa física (responsabilidade secundária)
Número de registo de entrada de autoridade 0000776
Palavra de ordem Pereira
Outra parte do nome não tomada para palavra de ordem Miguel Serras
Datas 1949-
Código de função Tradutor
701 #1 - Nome de autor-pessoa física (co-responsabilidade principal)
Palavra de ordem Solé Vendrell
Outra parte do nome não tomada para palavra de ordem Carme
Código de função Ilustrador / Técnico de desenho computorizado
700 #1 - Nome de autor-pessoa física (responsabilidade principal)
Número de registo de entrada de autoridade 0000794
Palavra de ordem García Márquez
Outra parte do nome não tomada para palavra de ordem Gabriel
Datas 1928-
942 ## - Elementos de entrada adicionados (Koha)
Tipo de item no Koha Livro
Exemplares
Situação do levantamento Origin of item (home branch) (coded) Biblioteca de empréstimo Código de barras Cota Circulation type (not for loan) Tipo de documento Nota do exemplar Damaged status
  Biblioteca Escolar da Coca Maravilhas Biblioteca Escolar da Coca Maravilhas BECM6518/04 8EST MÁR   Livro Sem mensagem